00490nam a2200133Ia 4500008004100000100002500041245007400066245006100140260005300201260001800254300000800272650001500280856006100295170221s9999 xx 000 0 und d aHashed Ahmed Mabkhot 4aThe Antecedents of Automobile Brand Loyalty: Evidence from Malaysian  cHashed Ahmed Mabkhot, Salniza MD Salleh, Hasnizam Shaari bInternational Review of Management and Marketing cDecember 2012 a4:2 xMarketing. uhttp://www.econjournals.com/index.php/irmm/issue/view/82